Santos y Beatos Católicos nacidos en Andalucía - Estadísticas

Estadísticas generales
  • Esta prueba ha sido intentada 24 veces
  • La puntuación promedio es 5 de 19
Estadísticas de respuestas
Imagen Hint Respuesta % Correcto
Santa, y Fundadora de la Orden de la Cruz, nacida en Sevilla Santa Ángela de la Cruz
73%
Santas Mártires y Patronas de Sevilla Santa Justa y Santa Rufina
68%
Beato y fraile franciscano, nacido en Alpandeire (Málaga) Beato Fray Leopoldo de Alpandeire
64%
Santo, Padre de la Iglesia de Occidente y Obispo de Sevilla San Isidoro de Sevilla
55%
Santo Franciscano, nacido en San Nicolás del Puerto (Sevilla) San Diego de San Nicolás (OF. de Alcalá)
45%
Santa Mártir de Cordoba Santa Victoria
36%
Santo Mártir de Cordoba San Acisclo
27%
Santo Mártir y Patrón de Granada San Cecilio de Granada
23%
Santo Franciscano y misionero, nacido en Montilla (Córdoba) San Francisco Solano
23%
Beato y fraile capuchino, nacido en Ubrique (Cádiz) Fray Diego José de Cádiz
18%
Santos Mártires de Málaga San Ciriaco y Santa Paula
18%
Beato y Clérigo, nacido en San Fernando (Cádiz) Beato Marcelo Spínola
14%
Santo Mártir de Cordoba San Eulogio de Córdoba
14%
Arzobispo y Fundador de la Unión Eucarística, nacido en Sevilla San Manuel González García
14%
Varón Apostólico, Patrón de la Diócesis de Jaén y de Andújar San Eufrasio de Iliturgi
9%
Defensor de la Fe, Patrón y nacido en Alcalá del Río (Sevilla) San Gregorio de Osset
9%
Santo Monge, Mártir, nacido y Patrón de Carmona (Sevilla) San Teodomiro de Carmona
9%
Santo Jesuita, nacido en Dalías (Almeria) San José María Rubio
5%
Santo Mozárabe y martir, nacido en Guadix (Granada) San Fandila
0%
No se encontraron pruebas coincidentes
Distribución de puntuación
Porcentaje de gente con cada puntuación
Porcentaje por número respondido
Historial de tus puntuaciones
No has intentado esta prueba.